| 000 | 01508cad a22002295a 4500 | ||
|---|---|---|---|
| 001 | E143994 | ||
| 008 | 080611e20080610xxkd f s 000 0 eng d | ||
| 035 | _a(Sirsi) u143994 | ||
| 041 | 0 | _aeng | |
| 050 | 0 | 4 | _a333.33 $2 18 |
| 110 | 2 |
_aRoyal Institution of Chartered Surveyors _94900 |
|
| 245 | 0 | 0 |
_aRICS housing market survey United Kingdom _bMay 2008 _h[electronic resource] |
| 260 |
_aLondon _bRICS _c2008 |
||
| 490 |
_aRICS Housing Market Survey United Kingdom _vMay 2008 |
||
| 520 | _aThe balance of Chartered Surveyors reporting house price falls decreased somewhat in May, with the average number of transactions per surveyor falling further. The RICS house price balance improved slightly for the first time in ten months but still remains a depressed figure and 92.9% more Chartered Surveyors reported a fall than a rise in house prices, a decrease from 94.7% in April. The continuing lack of demand in the housing market is demonstrated by the collapse in transactions. Also, the average number of transactions per surveyor (over the last three months) is now at 17.4, the lowest figure since 1978 and the net balance of new agreed sales remains in negative territory. | ||
| 590 | _aKA | ||
| 650 | 2 | 4 | _aRICS HOUSING MARKET SURVEY UNITED KINGDOM |
| 651 | 4 |
_aUnited Kingdom _y |
|
| 690 | _aPROPERTY-RESIDENTIAL PROPERTY-RESIDENTIAL PROPERTY MARKET | ||
| 856 | 4 | 0 |
_uhttps://www.rics.org/site/scripts/download_info.aspx?downloadID=37 _zView the item free of charge at www.rics.org... |
| 942 | _n0 | ||
| 999 |
_c108335 _d108335 |
||